000 00576nam a2200217Ia 4500
003 OSt
005 20220928140155.0
006 a|||||r|||| 00| 0
007 ta
008 220927b |||||||| |||| 00| 0 eng d
024 _a7212
037 _cTextual
040 _aSDCL
_cSDCL
_beng
041 _2eng
_aeng
082 _aO-,2M56,1:g, L3
100 _aWeintraub Stanley Ed.
_9494387
245 0 _aSaint Joan fifty years after 1923/24-1973/74.
260 _c1973
942 _hO-,2M56,1:g, L3
_cTEXL
_2CC
999 _c810303
_d810303